000 00571nam a2200181Ia 4500
008 090123s9999 xx 000 0 und d
082 _b32607
_a891.463/तिबि
100 _aतिबिले अनंत दत्तत्रय
245 _aमाग
250 _a1
260 _bयुनिटी प्रकाशन
_c2001
300 _a200
600 _aतिबिले अनंत दत्तत्रय
630 _aमाग
700 _aतिबिले अनंत दत्तत्रय
730 _aमाग
942 _cBOOK
999 _c70666
_d70666